[Event "2014 WBX Tournament"]
[Site "Edmonton"]
[Date "2014.12.13"]
[Round "2"]
[White "Gardner, Robert"]
[Black "Pechenkin, Vladimir"]
[Result "0-1"]
[WhiteElo "2101"]
[BlackElo "2302"]
[PlyCount "52"]
[EventDate "2014.12.13"]
[EventType "swiss"]
[EventRounds "5"]
[EventCountry "CAN"]
[SourceDate "2013.09.08"]

1. b3 b6 2. Bb2 Bb7 {This game has been picked because of the opening. After a
few painful losses in the 1.b3 system I have decided to follow GM Anton
Kovalyov's recommendation that was very simple: just do the same thing!} 3. d4
e6 4. Nd2 {However, the next few moves do not represent a great play, and
multiple improvements for both sides are possible.} c5 5. e4 cxd4 6. Ngf3 d6 7.
Nxd4 Nf6 8. Bd3 Nbd7 9. O-O Be7 10. f4 O-O {Somehow the position transposed
into something closely resembling an Open Sicilian. Since neither opponent has
a Sicilian defence as a main weapon in the opening repertoire, the following
may look a little funny to the experts.} 11. g4 Nc5 12. Qe2 d5 13. e5 Nfe4 14.
Rf3 {Apparently, White intends to deliver checkmate on h7.} Nxd2 15. Qxd2 Ne4
16. Qe2 Bc5 17. Rh3 ({The correct move order is} 17. g5 $1 {After} Qe7 18. Rh3
{Black can still break with} f6 {but in this case it is sufficient only for
equality.}) 17... f6 $1 18. b4 {White decides to test the opponent's idea but
all the lines just work in Black's favor.} ({The computer advocates} 18. Kg2 $1
Qe7 19. Nf3 {intending to recapture on e5 with the knight. Black's position
remains preferable though.}) 18... fxe5 {Forced.} 19. bxc5 ({Or} 19. fxe5 Bxd4+
20. Bxd4 Qg5 {also with good prospects.}) 19... exd4 20. Bxd4 Rxf4 ({Much
weaker is} 20... bxc5 21. Bxe4 dxe4 22. Be5 {as the f4-pawn plays a big role.})
21. Be5 (21. Be3 Rf7 {doesn't change much.}) 21... Rf7 22. Bxe4 dxe4 {This
position turns out to be really bad for White because of his exposed king and
poorly coordinated pieces. His attempt to preserve the initiative at all cost
quickly backfires.} 23. Rd1 Qe7 24. Rd6 bxc5 25. Qd2 Raf8 26. g5 Rf1+ 0-1

[Event "2015 John Schleinich Memorial A"]
[Site "Calgary"]
[Date "2015.01.03"]
[Round "2"]
[White "Nguyen, Kim"]
[Black "Ng, Gary"]
[Result "0-1"]
[WhiteElo "2255"]
[BlackElo "2285"]
[Annotator "Ng, Gary"]
[PlyCount "82"]
[EventDate "2015.01.02"]
[EventType "tourn"]
[EventRounds "5"]
[EventCountry "CAN"]
[SourceDate "2013.09.08"]

1. b3 e5 2. Bb2 Nc6 3. e3 Nf6 4. Bb5 Bd6 5. Ne2 a6 6. Bxc6 dxc6 7. d3 Qe7 8. h3
{Out of theory.} (8. e4 Nd7 9. O-O O-O 10. Nd2 Nc5 11. f4 Bg4 12. f5 f6 13. h3
Bxe2 14. Qxe2 a5 {Vaisser, A (2515) - Gozzoli, Y (2520) 1/2-1/2 2010}) 8... h5
9. Nd2 Be6 10. Nf3 Nd7 11. c4 c5 12. Qc2 h4 13. O-O-O O-O-O 14. Nc3 c6 15. Rhe1
g5 16. Ne4 g4 17. Nfg5 gxh3 18. f4 $6 {Fireworks!} hxg2 $1 {Best move here in
a complicated and scary position. Black calmly collects two passers that white
can't ignore.} 19. d4 $2 (19. Nxd6+ Qxd6 20. Qxg2 $15 {Black is up a pawn but
white has some compensation here.}) 19... cxd4 (19... h3 $1 20. dxe5 Bc7 21.
Nd6+ Kb8 $19) 20. f5 Bb4 (20... Bxf5 21. Nxd6+ Qxd6 22. Qxf5 Qf6 23. Qxf6 Nxf6
24. Nxf7 h3 25. Nxd8 h2 $19) 21. fxe6 fxe6 {Not the most efficient but works.}
(21... Nc5 $19) (21... Bxe1 22. exd7+ Rxd7 23. Rxe1 h3 24. Nxh3 Rxh3 25. Qxg2
$17) 22. Qxg2 Bxe1 23. Rxe1 Rdg8 24. Qg4 Nc5 25. Ba3 Nd3+ 26. Kd2 Qxa3 27.
Qxe6+ Kb8 28. Kxd3 Re8 (28... Qxa2 {Looks risky here and I missed 33.Qa5!} 29.
Qxe5+ Ka8 30. Nc5 h3 31. Nge6 h2 32. Nc7+ Ka7 33. Qxd4 Qa5 $1 $19) 29. Qd6+
Qxd6 30. Nxd6 Reg8 31. Ngf7 Rh5 32. exd4 exd4 33. Kxd4 $2 (33. Re7 {White's
best chance to draw.} Ka8 (33... h3 $2 34. Ne5 Ka8 35. Nd7 Ka7 36. Ne5 $11) 34.
Ne5 Rgh8 $1 (34... h3 $2 35. Nd7 Ka7 36. Ne5 $11) 35. Nd7 R5h7 $19) 33... h3
34. Rh1 h2 35. Ne4 Rg1 36. Nf2 Rxh1 37. Nxh1 Rf5 38. Nd6 c5+ 39. Kd3 $2 Rf1 40.
Ng3 Rd1+ 41. Ke2 Rxd6 0-1

[Event "2015 Northern Alberta Open"]
[Site "Edmonton"]
[Date "2015.02.15"]
[Round "5.1"]
[White "Gardner, Robert"]
[Black "Arruebarrena, Rafael"]
[Result "0-1"]
[WhiteElo "2095"]
[BlackElo "2224"]
[PlyCount "58"]
[EventDate "2015.02.14"]
[EventType "swiss"]
[EventRounds "5"]
[EventCountry "CAN"]
[SourceDate "2013.09.08"]

1. d4 Nf6 2. c4 g6 3. Nc3 d5 4. Nf3 Bg7 5. Bg5 Ne4 6. Bh4 Nxc3 7. bxc3 dxc4 8.
Qa4+ Qd7 9. Qxc4 b6 10. e3 Ba6 11. Qb3 Bxf1 12. Kxf1 O-O 13. Ke2 Nc6 {So far
the game has followed a well-trodden path with more than 60 predecessors in
the database.} 14. Bg3 {A novelty that is unlikely to attract many followers.}
(14. Rhd1 {has been played almost exclusively so far and for obvious reasons.
The omission of this move allows Black to strike immediately.}) 14... Na5 15.
Qb4 c5 $1 16. dxc5 $2 {This capture is as reckless as it looks.} ({Being in a
must-win situation, White cannot accept the passive} 16. Qb2 {and decides to
take the bull by the horns.}) 16... Rac8 ({Best is} 16... Rfc8 17. Rad1 Qe8 {
not disconnecting the rooks. Black will soon regain the c5-pawn anyway.}) 17.
Rhd1 Qb7 $2 {The only moment of the game when Rafael can be criticized.} ({
Black has a comfortable advantage after} 17... Qf5 18. Nd4 Qh5+ 19. Kf1 Rxc5)
18. Rd3 $2 {White misses his chance and he isn't going to get another one.} (
18. Rab1 $1 {takes the sting out of} Qa6+ {in view of} 19. Qb5 {Black should
probably sacrifice a pawn or two to maintain the initiative.}) 18... Rxc5 19.
Rad1 Qa6 20. Nd4 $2 e5 $1 {It's all over now. Black finishes off the game in
style.} 21. Nb3 Rc4 22. Qe7 e4 23. Rd7 Ra4+ 24. Ke1 Nxb3 25. axb3 Bxc3+ 26.
R7d2 Bxd2+ 27. Rxd2 Ra1+ 28. Rd1 Rxd1+ 29. Kxd1 Qd3+ 0-1

[Event "2015 AYCC U12"]
[Site "Edmonton"]
[Date "2015.02.22"]
[Round "4.1"]
[White "Wang, Kaixin"]
[Black "Mah, Sean"]
[Result "0-1"]
[WhiteElo "1819"]
[BlackElo "1640"]
[PlyCount "106"]
[EventDate "2015.02.22"]
[EventType "swiss"]
[EventRounds "5"]
[EventCountry "CAN"]
[SourceDate "2013.09.08"]

1. d4 c6 2. e4 d5 3. exd5 cxd5 4. Bd3 Nc6 5. c3 e5 6. Ne2 e4 7. Bc2 Nf6 8. Bf4
Bg4 9. Nd2 Bd6 10. Bg3 Qc7 11. Nf1 Rc8 12. Ne3 h5 13. Bxd6 Qxd6 14. h3 Be6 15.
Qd2 Na5 16. Ba4+ Bd7 17. Nf5 Qf8 18. Bxd7+ Kxd7 19. Qg5 Rg8 20. Nf4 Nc4 21. Rb1
Nd6 22. Ne3 Nc4 23. Nfxd5 Qd6 24. Qf5+ Qe6 25. Nxf6+ gxf6 26. Qxe6+ fxe6 27.
Nxc4 Rxc4 28. g3 Kd6 29. Ke2 e5 30. Rbd1 Rg7 31. Rd2 exd4 32. Rxd4+ Rxd4 33.
cxd4 Rc7 34. Rd1 Kd5 35. Rd2 Rg7 36. Ke3 f5 37. Rc2 b6 {White is up a pawn and
controls the only open file.} 38. b3 $2 {White must have underestimated the
opponent's reply.} ({The best move is} 38. h4 $1 {slowing down Black's play on
the kingside.}) 38... h4 $1 39. gxh4 (39. g4 {is possible and may have been
the best continuation.}) 39... Rh7 $1 40. Kf4 Rxh4+ 41. Kg3 Rh7 42. Rc4 $6 ({
The situation on the board has changed. White should activate his rook by
means of} 42. Rc8 {then take a draw:} Kxd4 43. Rd8+ Ke5 44. Re8+ {etc.}) 42...
Rg7+ {Not bad but Black had an even better move.} ({After} 42... f4+ $1 {White
faces a difficult choice.} {For example,} 43. Kxf4 Rxh3 44. Rc7 Rf3+ 45. Kg4
Rxf2 46. Rd7+ Ke6 {and Black's passed pawn is very strong.}) 43. Kf4 Rg2 44.
Ke3 f4+ ({There is nothing wrong with} 44... Rh2 45. Rc7 Rxh3+ 46. Ke2 Kxd4 47.
Rxa7 {and Black can play for a full point.}) 45. Kxf4 Rxf2+ 46. Kg3 $2 {The
losing move.} ({Correct is} 46. Ke3 {keeping the king in front of Black's
passer.} {After} Rf3+ 47. Ke2 Rxh3 48. Rc7 {the position is drawn.}) 46... Rf3+
({Black can play} 46... e3 {immediately.}) 47. Kg2 Rf7 48. Rc2 Kxd4 49. Rf2
Rg7+ 50. Kf1 Kd3 51. Ke1 $2 {This loses on the spot.} Rg1+ 52. Rf1 Rxf1+ 53.
Kxf1 Kd2 0-1

[Event "2015 AYCC U14"]
[Site "Edmonton"]
[Date "2015.02.21"]
[Round "3.2"]
[White "Wu, Chenxi"]
[Black "Saheb, Arya"]
[Result "1-0"]
[WhiteElo "1663"]
[BlackElo "1667"]
[PlyCount "71"]
[EventDate "2015.02.22"]
[EventType "swiss"]
[EventRounds "5"]
[EventCountry "CAN"]
[SourceDate "2013.09.08"]

1. e4 c5 2. Nf3 Nc6 3. d4 cxd4 4. Nxd4 Nf6 5. Nc3 a6 6. g3 d6 7. Bg2 e6 8. O-O
Qb6 9. Nde2 Be7 10. h3 O-O 11. g4 h6 12. Ng3 Rd8 13. Na4 Qb4 14. c3 Qa5 15. Be3
Nd7 {Black can be satisfied with the outcome of the opening but after} 16. b4 {
he opts for a dubious maneuver that his opponent punishes.} Qe5 $2 ({Correct is
} 16... Qc7 {with a complex position.}) 17. f4 $1 Qf6 18. Nh5 $1 Qg6 19. f5
exf5 20. exf5 Qh7 {The queen will be out of play for a long time. Consequently,
White has a wide choice of good continuations.} 21. Be4 Nf6 22. Nxf6+ Bxf6 23.
Nb6 Rb8 24. Nd5 Re8 $2 {After this White's advantage becomes overwhelming.} (
24... Bh4 {is more tenacious.}) 25. Nxf6+ gxf6 26. Bxc6 bxc6 27. Qxd6 Bb7 28.
Bd4 h5 {Black is trying to free his queen but it's too late.} (28... Qg7 {may
prolong the agony.}) 29. Qxf6 hxg4 30. Qg5+ Kf8 31. Bc5+ Re7 32. Qxe7+ Kg8 33.
Qg5+ {White won a whole rook, and Black resigned in a few moves.} Qg7 34. Qxg4
Qxg4+ 35. hxg4 f6 36. Rad1 1-0

[Event "2015 AYCC U16"]
[Site "Edmonton"]
[Date "2015.02.21"]
[Round "3.1"]
[White "Saheb, Salar"]
[Black "Shi, Diwen"]
[Result "0-1"]
[WhiteElo "1853"]
[BlackElo "2198"]
[PlyCount "56"]
[EventDate "2015.02.22"]
[EventType "swiss"]
[EventRounds "5"]
[EventCountry "CAN"]
[SourceDate "2013.09.08"]

1. d4 Nf6 2. c4 Nc6 {Diwen's pet line.} 3. Nc3 e5 4. dxe5 {This is too
unambitious and allows Black to equalize.} (4. d5 {is the main continuation,
of course.}) 4... Nxe5 5. e3 Bb4 6. Bd2 O-O 7. a3 Bxc3 8. Bxc3 Qe7 {A novelty.}
(8... Re8 {was played in the only 2 games found in the database.}) 9. Qc2 Rd8
10. Bxe5 {There is no need to give up the bishop pair but White is eager to
complete his development as quickly as possible.} Qxe5 11. Nf3 Qe7 12. Bd3 d5
13. cxd5 Bg4 {Aggressive play from the rating favorite!} ({There is nothing
wrong with} 13... Rxd5) 14. O-O-O {Black may have underestimated this reply.}
c6 ({Obviously,} 14... Rxd5 $2 {loses material to} 15. Bxh7+ {so Black
sacrifices a pawn for the initiative.}) 15. dxc6 Rdc8 16. Qa4 Rxc6+ 17. Kb1 Rb6
18. h3 {There is no need to spend time on this move.} (18. Rd2 $5 {
strengthening the queenside is more to the point.}) 18... Bd7 19. Qa5 Ne4 {
Black is in a hurry to create threats.} ({Instead,} 19... Bc6 $5 {intending to
recapture on e4 with the bishop deserves attention.}) 20. Bxe4 Qxe4+ 21. Ka1
Be6 22. Rd4 Qc2 {The critical position of the game. Black's play has been
quite logical so far but White has a strong resource that can put him in the
driver's seat.} 23. Rd2 $2 {Unfortunately, Salar misses his chance.} ({The
consolidating} 23. Qd2 $1 {suddenly threatens a checkmate on d8 so Black has
no time to take on b2. In fact, an exchange of queens is almost unavoidable
leaving White with a healthy extra pawn in an endgame.}) 23... Qb3 $1 {Now
it's all over.} 24. Kb1 Rc8 {The checkmate is inevitable, and White resigned
in a few moves.} 25. Qc5 Qa2+ 26. Kc2 Rxc5+ 27. Kd1 Qb1+ 28. Ke2 Bc4+ 0-1

[Event "2015 March of Kings"]
[Site "Calgary"]
[Date "2015.03.14"]
[Round "1.1"]
[White "Nguyen, Kim"]
[Black "Koneru, Nimai"]
[Result "1-0"]
[WhiteElo "2231"]
[BlackElo "1619"]
[PlyCount "95"]
[EventDate "2015.03.14"]
[EventType "swiss"]
[EventRounds "5"]
[EventCountry "CAN"]
[SourceDate "2013.09.08"]

1. e4 c6 2. d4 d5 3. e5 Bf5 4. Nf3 e6 5. Be2 Nd7 6. O-O Ne7 7. Nbd2 Bg6 8. Nb3
Nf5 9. c3 Be7 10. g4 Nh6 11. Ne1 Ng8 12. Bd3 Bxd3 13. Nxd3 h5 14. gxh5 Nh6 15.
Bxh6 Rxh6 16. Kh1 Bf8 17. Qg4 g6 18. Nf4 gxh5 19. Nxh5 Rg6 20. Qh3 Qg5 21. Rg1
Qh6 22. Rxg6 Qxg6 23. f3 O-O-O 24. Nf4 Qc2 25. Qg2 Qf5 26. Ne2 Be7 27. Ng3 Qf4
28. Rf1 Rg8 29. Nc1 Bh4 30. Nce2 Qg5 31. f4 Qg7 32. Qf3 Rh8 33. f5 Qh6 34. Rf2
a6 35. Qf4 Bg5 36. Qg4 Bh4 37. Rg2 Nb6 38. fxe6 fxe6 39. b3 Kd7 {White has a
healthy extra pawn and a positional advantage.} 40. a4 {White decides to
weaken the opponent's king position but this approach suddenly backfires.} ({
Energetic} 40. Nf4 $1 {forces favorable exchanges} Bxg3 41. Qxg3 Nc8 42. Qg7+
Ne7 43. Qxh6 Rxh6 44. Rg7 {with a much better endgame for White.}) 40... Nc8 $1
41. c4 $2 Ne7 42. cxd5 cxd5 43. Qf4 Bg5 44. Qf3 Be3 45. Qf1 Rf8 $1 46. Qa1 {
White's plan is now clear: the queen is going to d6. However, Black can live
with it as all other white pieces are passive.} Qh3 $2 {The queen doesn't do
much here.} ({Correct is} 46... Nc6 $1 {with a following sample continuation:}
47. Qa3 Bd2 $5 48. Qd6+ Kc8 {(the white queen is in danger of being trapped)}
49. Qc5 Kb8 50. Qd6+ Ka8 51. Qc5 {White has no active plan and has to wait
passively. Black may try to improve his position further by activating the
knight} Nb4 $5 {etc.}) 47. Qa3 Nc8 $4 {Unfortunately, Black misses that the
f8-rook is no longer defended.} ({After the correct} 47... Ke8 48. Qd6 Nc6 {
the position is still about equal.}) 48. Qxf8 1-0

[Event "2015 March of Kings"]
[Site "Calgary"]
[Date "2015.03.15"]
[Round "4.1"]
[White "Wu, Chenxi"]
[Black "Nguyen, Kim"]
[Result "0-1"]
[WhiteElo "1681"]
[BlackElo "2231"]
[PlyCount "72"]
[EventDate "2015.03.14"]
[EventType "swiss"]
[EventRounds "5"]
[EventCountry "CAN"]
[SourceDate "2013.09.08"]

1. e4 c5 2. Nf3 d6 3. d4 cxd4 4. Nxd4 Nf6 5. Nc3 a6 6. g3 e5 7. Nde2 Be7 8. Bg2
b5 9. O-O Bb7 10. f4 O-O 11. h3 Nbd7 12. g4 Nc5 13. Ng3 exf4 14. Bxf4 b4 15.
Nd5 Nxd5 16. exd5 Bf6 17. Nf5 Qb6 18. Rb1 Rfe8 19. Kh1 Ne4 20. Kh2 {The
position is approximately equal.} g6 $2 {This should have cost Black the full
point.} ({The computer recommends} 20... Bc8 {intending to exchange White's
active knight. The d6-pawn is defended tactically.} {The game may continue} 21.
Ng3 Nxg3 22. Bxg3 Bd7 {with equal play.}) 21. Be3 $1 Qa5 ({Black can try} 21...
Be5+ {but after} 22. Kg1 Nc5 23. Nh6+ {White picks up the f7-pawn with a large
positional advantage.}) 22. Nh6+ Kg7 23. Bxe4 Rxe4 {The critical moment of the
game.} 24. Qf3 $2 {Unfortunately, this wrong move order turns the tables
completely.} ({After the correct} 24. Rxf6 $1 {Black is in serious trouble no
matter what he does.} {For example,} Rxe3 ({Or} 24... Kxf6 25. Qf3+ Ke5 26.
Nxf7+ Kxd5 27. Rd1+ {etc.}) 25. Rxf7+ Kxh6 26. g5+ Kxg5 27. Qg4+ Kh6 28. Qh4#)
24... Be5+ {Now it is Black who wins.} 25. Kg1 Bxd5 26. Nxf7 Rf4 $1 {The only
but sufficient move.} 27. Nxe5 Rxf3 28. Nxf3 Bxf3 29. Rxf3 {and Black
converted his advantage into a full point.} Rf8 30. Bh6+ Kxh6 31. Rxf8 Qxa2 32.
Rff1 Kg5 33. Kg2 Kh4 34. Kh2 d5 35. Rfc1 Qc4 36. Rg1 Qxc2+ 0-1

[Event "2015 March of Kings"]
[Site "Calgary"]
[Date "2015.03.15"]
[Round "5.2"]
[White "Fellah, Mohamad"]
[Black "Zhao, Ian"]
[Result "1/2-1/2"]
[WhiteElo "1657"]
[BlackElo "1639"]
[PlyCount "58"]
[EventDate "2015.03.14"]
[EventType "swiss"]
[EventRounds "5"]
[EventCountry "CAN"]
[SourceDate "2013.09.08"]

1. e4 e5 2. Nf3 Nc6 3. Bb5 a6 4. Ba4 Nf6 5. O-O Be7 6. Re1 b5 7. Bb3 O-O 8. c3
d5 9. exd5 Nxd5 10. Nxe5 Nxe5 11. Rxe5 Nf6 12. d4 Bd6 13. Re1 Ng4 14. h3 Qh4
15. Qf3 {We have transposed to the famous game Capablanca-Marshall, 1918, that
gave the line its name!} Nxf2 16. Re2 Nxh3+ ({Marshall opted for} 16... Bg4 17.
hxg4 Bh2+ 18. Kf1 Bg3 {but, as we know, Capablanca managed to repel the
opponent's attack and win that historic game.}) {The text move doesn't promise
Black much as White won almost all the games in the database.} 17. gxh3 Bxh3
18. Re4 Qg3+ 19. Qxg3 Bxg3 20. Re3 Bf4 21. Rxh3 Bxc1 22. Rh2 Rae8 23. Na3 $2 {
A novelty that gives away a major portion of White's advantage.} ({Back in
1949, White played} 23. Kf1 {and won.}) 23... Re1+ 24. Kf2 Rfe8 25. Rb1 $2 ({
Best is} 25. Nc2 {when White can still play for a win after} R8e2+ 26. Kg3 Rxh2
27. Kxh2) 25... R1e2+ {Unfortunately, Black decides to take an immediate draw.}
({White can be punished by} 25... R8e2+ 26. Kg3 Rg1+ 27. Kh3 Re3+ 28. Kh4 Re4+
29. Kh3 Reg4 {when he is in serious trouble.}) 26. Kg1 Re1+ 27. Kf2 R1e2+ 28.
Kg1 Re1+ 29. Kf2 R1e2+ 1/2-1/2